ՄԱՅՐ ԱԹՈՌ ՍՈՒՐԲ ԷՋՄԻԱԾԻՆ

«ՎԱՉԵ ԵՎ ԹԱՄԱՐ ՄԱՆՈՒԿՅԱՆ» ՄԱՏԵՆԱԴԱՐԱՆ

Հաղթանակների բնօրրան Սարդարապատ: (Record no. 68262)

MARC details
000 -LEADER
fixed length control field 01151nam a22002177a 4500
003 - CONTROL NUMBER IDENTIFIER
control field SEM
005 - DATE AND TIME OF LATEST TRANSACTION
control field 20221025132336.0
008 - FIXED-LENGTH DATA ELEMENTS--GENERAL INFORMATION
fixed length control field 180815b ||||| |||| 00| 0 arm d
040 ## - CATALOGING SOURCE
Original cataloging agency SEM
Transcribing agency SEM
041 0# - LANGUAGE CODE
Language code of text/sound track or separate title arm.
080 ## - UNIVERSAL DECIMAL CLASSIFICATION NUMBER
Universal Decimal Classification number 069.2(47.925)/Ս-26
245 00 - TITLE STATEMENT
Title Հաղթանակների բնօրրան Սարդարապատ:
Remainder of title Սարդարապատի հերոսամարտի հուշահամալիր Հայաստանի ազգագրության և ազատագրական պայքարի պատմության ազգային թանգարան: /
Statement of responsibility, etc. Տեքստ.` Ս. Պողոսյան, Ա. Մելիքյան; Խմբ.` Կ. Արիստակեսյան
260 ## - PUBLICATION, DISTRIBUTION, ETC.
Place of publication, distribution, etc. Երևան:
Name of publisher, distributor, etc. «Տիգրան Մեծ»,
Date of publication, distribution, etc. 2008.
300 ## - PHYSICAL DESCRIPTION
Extent 19 էջ;
Other physical details նկ.;
Dimensions 24 սմ;
Accompanying material 1 CD
500 ## - GENERAL NOTE
General note Նվիրվում է Սարդարապատի հերոսամարտի 90-ամյակին:
650 ## - SUBJECT ADDED ENTRY--TOPICAL TERM
Topical term or geographic name entry element Սարդարապատ
General subdivision հուշահամալիր
-- Թանգարաններ
Geographic subdivision Հայաստան
700 1# - ADDED ENTRY--PERSONAL NAME
Personal name Պողոսյան Ս․
Relator term տեքստ.
Relationship text
700 1# - ADDED ENTRY--PERSONAL NAME
Personal name Մելիքյան Արևիկ
Relator term տեքստ.
Relationship text
700 1# - ADDED ENTRY--PERSONAL NAME
Personal name Արիստակեսյան Կարեն
Relator term խմբ.
Relationship edt.
942 ## - ADDED ENTRY ELEMENTS (KOHA)
Source of classification or shelving scheme Universal Decimal Classification
Koha item type Գրքեր/Books
Holdings
Withdrawn status Lost status Source of classification or shelving scheme Damaged status Not for loan Collection code Home library Current library Date acquired Cost, normal purchase price Inventory number Total Checkouts Full call number Barcode Date last seen Price effective from Koha item type Public note
    Universal Decimal Classification     Գրապահոց Մայր Աթոռ Սուրբ Էջմիածին «Վաչե և Թամար Մանուկյան» Մատենադարան Մայր Աթոռ Սուրբ Էջմիածին «Վաչե և Թամար Մանուկյան» Մատենադարան 15/08/2018 1000.00 29261   069.2(47.925)/Ս-26 29261 15/08/2018 15/08/2018 Գրքեր/Books Սպասարկվում է ընթերցասրահ